00000000nam##2200000za#4500
0019.646397
003CaOODSP
00520200330131404
007ta
008150407|1996||||xxc|||||     f|0| 0 eng|d
020 |a0-662-25246-2
040 |aCaOODSP|beng
043 |an-cn---
0861 |aNE23-58/1996E
1101 |aCanada. |bNational Energy Board.
24510|aPublic inquiry concerning stress corrosion cracking on Canadian oil and gas pipelines : |breport of the inquiry
2461 |aNational Energy Board: report of the inquiry: stress corrosion cracking on Canadian oil and gas pipelines
260 |aCalgary - Alberta : |bNational Energy Board |c1996.
300 |axxi, 158p. : |bfigs., graphs, references ; |c28 cm.
500 |aLogo on cover: SCC: Stress, corrosion, cracking. Contents: Pipelines in Canada.--An inquiry into stress corrosion cracking.--Understanding stress corrosion cracking.--Prevention, detection and mitigation.--Community issues.--Looking forward.--Appendices.--Endnotes.
563 |aSoftcover
590 |a97-01|b1997-01-03
69007|aPipelines|2gcpds
77508|tEnquête publique sur la fissuration par corrosion sous tension des oléoducs et des gazoducs canadiens : |w(CaOODSP)9.679943
7760#|tPublic inquiry concerning stress corrosion cracking on Canadian oil and gas pipelines : |w(CaOODSP)9.695976
986 |aMH-2-95